| 000 | 00452nam a2200181Ia 4500 | ||
|---|---|---|---|
| 005 | 20221219114841.0 | ||
| 008 | 131103s9999 xx 000 0 und d | ||
| 040 | _aLoreto College | ||
| 041 | _aEnglish | ||
| 082 |
_a813.52 _bFAU |
||
| 100 | _aFaulkner,William | ||
| 245 | 2 |
_aA Fable _cWilliam Faulkner |
|
| 260 |
_aLondon _bChatto & Windus _c1955 |
||
| 300 | _a392 p. | ||
| 650 | _aAmerican Fable - 20th Century | ||
| 850 | _aLCLIB | ||
| 942 | _cBK | ||
| 999 |
_c11859 _d62338 |
||